Elementos teóricos y políticos del intercambio comercial entre países desarrollados y subdesarrollados

Guardado en:
Bibliografiske detaljer
Hovedforfatter: Ruíz Nápoles, Pablo
Format: Texto
Udgivet: La Habana: Palacio de las Convenciones
Fag:
Tags: Tilføj Tag
Ingen Tags, Vær først til at tagge denne postø!

MARC

LEADER 00000 a a2200000 04500
001 14055
003
040
090 |a 0001 S456s  
100 |a Ruíz Nápoles, Pablo  
245 |a Elementos teóricos y políticos del intercambio comercial entre países desarrollados y subdesarrollados  
260 |a La Habana:   |b Palacio de las Convenciones  
300 |a 2; 15 p  
650 |a COMERCIO  
650 |a TERCER MUNDO  
650 |a DESARROLLO ECONOMICO  
650 |a CRISIS ECONOMICA  
650 |a CAPITALISMO  
650 |a INDUSTRIALIZACION  
650 |a MUNDO  
999 |c 5926  |d 5926